000
00314nam a2200109Ia 4500
008
200302s9999 xx 000 0 und d
100
_a
Barbara Crisp
245
_a
Human Spaces: Life Enhancing Design for healing working & living
260
_b
Rockport Publishers Inc., Massachusetts
260
_c
1998
300
_a
191
999
_c
4451
_d
4451